Harry Potter en français - Statistiques

Statistiques générales
  • Ce quiz a été pris 3 539 fois
    3 536 depuis la dernière actualisation
  • Le résultat moyen est 133 sur 355
Statistiques - réponses
% Correct
Black Sirius
93%
Dumbledore Albus
91%
Potter Harry
91%
Chang Cho
89%
Delacour Fleur
88%
Gryffondor Godric
88%
Ombrage Dolores
87%
Serpentard Salazar
87%
Malefoy Drago
86%
Lovegood Luna
86%
Lestrange Bellatrix
85%
Diggory Cedric
85%
Dursley Dudley
85%
Granger Hermione
85%
Poufsouffle Helga
84%
Potter James
84%
Malefoy Lucius
84%
Londubat Neville
84%
Dursley Petunia
84%
Weasley Ron
84%
Serdaigle Rowena
84%
Dursley Vernon
84%
Weasley Fred
83%
Weasley George
83%
Weasley Ginny
83%
Jedusor Tom
83%
Weasley Arthur
82%
Potter Lily
82%
Weasley Molly
82%
Malefoy Narcissa
82%
Weasley Bill
81%
Pettigrow Peter
81%
Hagrid Rubeus
81%
1 des 5 derniers directeurs de poudlard | Professeur de défense contre les forces du mal 6ère année Severus Rogue
81%
Weasley Charlie
80%
Weasley Percy
80%
Krum Victor
77%
1 des 5 derniers directeurs de poudlard | Professeur de défense contre les forces du mal 5ère année Dolores Ombrage
76%
Flamel Nicolas
76%
Crabbe Vincent
76%
Dumbledore Abelforth
75%
Karkaroff Igor
75%
Dubois Olivier
75%
Bell Katie
74%
Brown Lavande
74%
Patil Padma
74%
Ecole hôte du tournoi des trois sorciers Poudlard
74%
Finnigan Seamus
74%
Lovegood Xenophilius
74%
Diggory Amos
73%
Crivey Colin
73%
Dragonneau Norbert
73%
Patil Parvati
73%
Sloghorn Horace
72%
1 des 5 derniers directeurs de poudlard | Professeur de metamorphose Minerva Mcgonagall
72%
Skeeter Rita
72%
1 des 5 derniers directeurs de poudlard Albus Dumbledore
71%
Dumbledore Ariana
71%
Abbot Hannah
71%
Jordan Lee
70%
Tonks Nymphadora
70%
Fondateur de poudlard Salazar Serpentard
70%
Fondateur de poudlard Godric Gryffondor
69%
Ecole de filles participant au tournoi des trois sorciers Beauxbâtons
68%
Thomas Dean
68%
Fondateur de poudlard Rowena Serdaigle
68%
Fudge Cornelius
67%
Goyle Gregory
67%
Horcruxe Harry Potter
67%
Vilage de sorciers près de poudlard Pré au lard
67%
Rusard Argus
66%
Fondateur de poudlard Helga Poufsouffle
66%
Maxime Olympe
65%
Professeur de défense contre les forces du mal 3ère année Rémus Lupin
64%
Johnson Angelina
63%
Delacour Gabrielle
63%
Vendeur de baguettes magiques depuis -382 Ollivander
63%
Parkinson Pansy
63%
La prison des sorciers la plus célèbre Azkaban
62%
Croupton Barty junior
62%
Tourdesac Bathilda
62%
Banque des sorciers Gringotts
62%
Serdaigle Helena
62%
Horcruxe Nagini
62%
Londubat Alice
61%
Croupton Barty senior
61%
Black Regulus
61%
Ecole de garçons participant au tournoi des trois sorciers Durmstrang
60%
Greyback Fenrir
59%
Grindelwald Gellert
58%
Bryce | Londubat Frank
57%
Professeur de défense contre les forces du mal 4ère année Alastor Maugrey
56%
Professeur de défense contre les forces du mal 2ère année Gilderoy Lockhart
56%
Dursley Marjorie
56%
Train qui conduit les élèves a poudlard Poudlard express
56%
Relique de la mort Cape d'invisibilité
55%
Bus magique Magicobus
55%
Carrow Alecto
54%
Carrow Amycus
54%
Relique de la mort Baguette de Sureau
54%
"la mason la plus hantée de grande bretagne" Cabane hurlante
54%
Maison des weasley Terrier
54%
Danlmur | Macmillan Ernie
53%
Gare ou harry prend le poudlard express King's Cross
53%
Fletcher Mondingus
53%
Crochue Bertie
52%
Rue sorcière célèbre de Londres Chemin de traverse
52%
Mclaggen Cormac
52%
Malefoy Scorpius
52%
Deauclaire Pénélope
51%
Dolohov Antonin
50%
Organisation pour enseigner la défense contre les forces du mal quand dolores ombrage est directrice Armée de dumbledore
50%
Shaklebolt Kingsley
50%
Organisation pour lutter contre la prise de pouvoir de voldemort Ordre du phénix
50%
Pomfresh Poppy
50%
Zabini Blaise
49%
Village ou ont été tuées Lily et James Potter Godric's Hollow
48%
Relique de la mort Pierre de resurrection
48%
Rocade Stan
48%
Peverell Ignotus
47%
Pub tenu par mme Rosmerta Trois balais
47%
Allée malfamée Allée des embrumes
46%
Flinch-Fletchley Justin
46%
Maraudeur Patmol
46%
Professeur de botanique Pomona Chourave
46%
Pub sorcier a Londres Chaudron baveur
45%
Gaunt Elvis
45%
Dumbledore Perceval
45%
Black Phineas
45%
Doge Elphias
44%
Professeur de sortilèges Filius Flitwick
44%
Belby | Flint Marcus
44%
Scrimegeour Rufus
44%
Celle des Malefoy Dobby
43%
Professeur de potions les deux dernieres années de harry Horace Slughorn
43%
Objet servant de moyen de transport instantané, tout objet peut en être un Portoloin
43%
Hopital magique Sainte-mangouste
43%
Crivey Dennis
42%
Moyen de transport pour voyager entre les cheminées de sorciers connectées Poudre de cheminette
42%
Créatures gardant la prison d'azkadan Détraqueurs
41%
Ollivander Garrick
41%
Maraudeur Cornedrue
40%
Maraudeur Lunard
40%
Bones Susan
40%
Figg Arabella
39%
Moyen de transport volant Balais
39%
Horcruxe Diadème de Serdaigle
39%
Formule qui cesse la carte d’être visible après son utilisation Méfait accompli
39%
Bulstrode Millicent
39%
Professeur de défense contre les forces du mal 1ère année Quirinus Quirrell
39%
Professeur de divination Sibylle Trelawney
39%
Pub tenu par Abelforth Dumbledore Tête de sanglier
39%
Patronus de Nymphadora Tonks Loup
38%
Hopkrik Mafalda
38%
Plus grande autorité du monde des sorciers britannique Ministère de la magie
38%
Oiseau capable de disparaître et réapparaître quand et où il le souhaite, en produisant une gerbe de flammes | Patronus de Albus Dumbledore Phénix
38%
Spinnet Alicia
37%
Maison de Fleur Delacour et de Bill Weasley Chaumière aux coquillages
37%
Horcruxe Coupe de Poufsouffle
37%
Professeur de divination remplaçant Firenze
37%
Gaunt Merope
37%
Créature qui change d'aspect à volonté en produisant un claquement sonore et prend toujours la forme qui vous effraie le plus Epouvantard
36%
Horcruxe Médaillon de Serpentard
36%
Réceptacle permettant d'entreposer ses souvenirs et de les consulter ultérieurement Pensine
36%
Lestrange Rodolphus
36%
Professeur de défense contre les forces du mal 7ère année Amycus Carrow
35%
Sortilège impardonnable de la mort Avada Kedavra
35%
Horcruxe Bague des Gaunt
35%
Plus grande librairie Fleury et Bott
35%
Horcruxe Journal de jedusor
35%
Verpey Ludovic
35%
Moyen de transport moldu détourné par Arthur Weasley Voiture volante
35%
Adresse des Black 12 square grimmaurd
33%
Créature de petite taille au service de son maitre Elfe de maison
33%
Celle des Black Kreattur
33%
Maraudeur Queudver
33%
Objet qui devient rouge si cette personne a oublié de faire quelque chose Rapeltout
33%
Vane Romilda
33%
Sortilège impardonnable de la torture Doloris
32%
Goldstein Anthony
31%
La confisere de pré au lard Honey Dukes
31%
Créature dont le sang peut rendre immortel Licorne
31%
Greengrass Astoria
30%
Objet qui sert à éteindre et a emprisonner toutes les lumières avoisinantes Déluminateur
30%
Sortilège impardonnable du contrôle Imperium
30%
Formule qui révèle la carte du maraudeur auparavant vide Je jure solennellement que mes intentions sont mauvaises
30%
Corner Michael
30%
1 des 5 derniers directeurs de poudlard Armando Dippet
29%
Un reptile gigantesque qui peut vivre plusieurs centaines d'années (jusqu'à 900 ans), et naît d'un œuf de poulet couvé par un crapaud Basilic
29%
Binns Cuthbert
29%
Objet permettant de fabriquer un élixir de longue vie Pierre philosophale
29%
Créatures dont sa transformation a partir d'un être humain se fait a la pleine lune Loup Garou
28%
Sortilège de Lumière Lumos
28%
Sortilège d'attraction Accio
27%
Diggle Dedalus
27%
Gaunt Morfin
27%
Moyen de transport de Hagrid Moto volante
27%
Créatures dotées de pouvoir magiques et d'une intelligence particuliere principalement vus dans la banque des sorciers Gobelins
26%
Nott Theodore
26%
Professeur d'étude des moldus apres la prise de pouvoir de voldemort a poudlard Alecto Carrow
25%
Jorkins Bertha
25%
Créatures possédant un corps de cheval dont la tête et le cou sont remplacés par un buste humain, pourvut d'une tête et de bras Centaures
25%
Patronus de Harry Potter | Patronus de James Potter Cerf
25%
Cattermole Reginald
24%
Patronus de Lily Evans | Patronus de Severus Rogue Biche
23%
Rosier Evan
23%
Patronus de Dolores Ombrage | Patronus de Minerva McGonagall Chat
22%
Patronus de Hermionne Granger Loutre
22%
Edgecombe Marietta
22%
Black Orion
22%
Professeur de vol Rolanda Bibine
22%
Runcorn Albert
21%
Professeur d'astronomie Aurora Sinistra
21%
Peverell Cadmus
21%
Professeur d'étude des moldus Charity Burbage
21%
Créatures diablotins originaires de Cornouailles d'une couleur bleu électrique Lutins de cornouailles
21%
Thicknesse Pius
21%
Créatures ressemblant à des pégases démoniaques mais dépourvus de toute chair et de couleur noir Sombrals
21%
Balles de quiditch Souaffle cognard vif d'or
21%
Peverell Antioch
20%
Sortilège de désarmement Expelliarmus
20%
Objet qui permet de voir les souhaits les plus profonds Miroir du rised
20%
Sortilège qui permet d'annuler le sortilège de lumière Nox
20%
Davies Roger
20%
Prince Eileen
19%
Celle que combat Harry Potter lors de la 1ere épreuve du tournoi des trois sorcier Magyar à pointes
19%
Patronus de Ginny Weasley Cheval
18%
Professeur de l'histoire de la magie Cuthbert Binns
18%
Greengrass Daphnée
18%
Lestrange Rabastan
18%
Sortilège du Patronus Expecto patronum
17%
Créature volante dont la tête, le torse, les ailes et les pattes avant sont celles d'un aigle (griffon) et dont le corps (y compris les pattes postérieures et la queue) sont celles d'un cheval Hippogriffe
17%
Sloper Jack
17%
Sortilège de réduction Reducto
17%
Rookwood Augustus
16%
1er Livre/Film Harry Potter a l'école des sorciers
16%
2e Livre/Film Harry Potter et la chambre des secrets
16%
Patronus de Luna Lovegood Lièvre
16%
Celle que combat Fleur Delacour lors de la 1ere épreuve du tournoi des trois sorcier Vert gallois
16%
Crockford Doris
15%
4e Livre/Film Harry Potter et la coupe de feu
15%
3e Livre/Film Harry Potter et le prisonnier d'azkaban
15%
7e Livre/Films Harry Potter et les reliques de la mort
15%
Sortilège d'amnésie Oubliettes
15%
Sortilège qui permet de faire léviter des objets Wingardium Leviosa
15%
Sortilège qui fait apparaître un jet d'eau plus ou moins puissant au bout de la baguette Aguamenti
14%
6e Livre/Film Harry Potter et le prince de sang mêlé
14%
5e Livre/Film Harry Potter et l'ordre du phénix
14%
Village ou sont nés les parents de voldemort Little Hangleton
14%
Sortilège de réparation Reparo
14%
Professeur de soins aux créatures magiques suppléante de Hagrid Wilhelmina Gobe-Planche
14%
Vance Emmeline
13%
Smith Hepzibah
13%
Dawlish John
13%
Endroit ou a grandi voldemort jusqu’à ses onze ans Orphelinat wool
13%
Sortilège qui augmente la taille de l'objet Amplificatum
12%
Celle que combat Victor Krum lors de la 1ere épreuve du tournoi des trois sorcier Boutefeu Chinois
12%
Personne appartenant à une famille de sorciers, mais pratiquement dépourvu de toute capacité magique Cracmol
12%
Abercrombie Euan
12%
Jones Hestia
12%
Personnes ne possédant pas de pouvoirs magiques Moldus
12%
Polkiss Piers
12%
Sorcier dont les parents sont Moldus Sang de bourbe
12%
Podmore Sturgis
12%
Pucey Adrian
11%
Cresswell Dirk
11%
Potion qui procure à celui qui la boit une confiance en soi inébranlable et elle permet de couronner de succès toutes les actions entreprises Felix felicis
11%
Sorcier qui a pour ancêtres que des sorciers Sang pur
11%
Professeur d'arithmancie Septima Vector
11%
Grandes créatures à l'apparence humanoïde pouvant atteindre une taille de trois mètres cinquante et peser plus d'une tonne Troll
11%
Objet permettant de transporter des objets ou des personnes vers d'autres objet similaires Armoire a disparaitre
10%
Patronus de Cho Chang Cygne
10%
Journal quotidien le plus répandu dans l'univers de Harry Potter La gazette du sorcier
10%
Sortilège qui fait apparaître devant son auteur un bouclier magique qui renvoie à ses agresseurs les maléfices mineurs, ou les empêche d'entrer en contact physique avec lui Protego
10%
Sorcier ayant un ancêtre moldu Sang mêle
10%
Créature aquatique de couleur vert pâle, dotée de cornes, que l'on trouve dans les lacs de Grande-Bretagne et d'Irlande Strangulots
10%
Sérum de vérité dont la préparation difficile prend une lunaison complète Veritaserum
10%
Patronus de Abelforth Dumbledore Bouc
9%
Beurk Caractacus
9%
Sortilège informulé qui soulève dans les airs, par les chevilles, la personne visée Levicorpus
9%
Sortilège qui immobilise et raidit totalement la personne visée Petrificus Totalus
9%
Macnair Walden
9%
Adresse ou vit harry potter chez son oncle et sa tante 4 privet drive little whinging surrey
8%
Exceptions aux Lois de Gamp Amour
8%
Patronus de Arthur Weasley Belette
8%
Jones Gwenog
8%
Sortilège qui fait apparaître un feu froid du bout de la baguette Incendio
8%
Patronus de Kingsley Shacklebolt Lynx
8%
Exceptions aux Lois de Gamp Nourriture
8%
Patronus de Seamus Finnigan Renard
8%
Brulopot Silvanus
8%
Sortilège qui augmente la puissance de la voix Sonorus
8%
Celle que combat Cedric Diggory lors de la 1ere épreuve du tournoi des trois sorcier Suédois à museau court
8%
Exceptions aux Lois de Gamp Argent
7%
Sortilège de confusion Confundo
7%
Robins Demelza
7%
Marchebank Griselda
7%
Peakes Jimmy
7%
Sortilège de Legilimancie Legilimens
7%
Patronus de Ernie MacMillan Sanglier
7%
Objet toupie qui siffle, tourne et brille quand un danger approche Scrutoscope
7%
Exceptions aux Lois de Gamp Vie
7%
Kirke Andrew
6%
Sortilège qui fait apparaître de petits oiseaux Avis
6%
Sortilège qui neutralise tous les sortilèges en activité dans un lieu donné Finite Incantatem
6%
Journal du monde des sorciers publiant souvent des articles aux fondements douteux dont le directeur est Xenophilius Lovegood Le chicaneur
6%
Sortilège utile pour vaincre un épouvantard Riddikulus
6%
Sortilège qui crée de profondes entailles dans le corps de la personne visée qui peut très rapidement se vider de son sang Sectumsempra
6%
Ackerley Stewart
6%
Ver épais de couleur marron, pouvant atteindre vingt-cinq centimètres, qui ne possède pas de dents et qui est donc végétarien Veracrasse
6%
Professeur de runes Bathsheba Babbling
5%
Moroz Broderick
5%
Sortilège qui permet aux mangemorts de faire apparaître la Marque des Ténèbres Morsmordre
5%
Sortilège d'explosion Bombarda maxima
4%
Montague Craig
4%
Patronus de Ron Weasley Jack Russel Terrier
4%
Sortilège de mutisme Silencio
4%
Rowle Thorfin
4%
Sortilège qui provoque une explosion à l'endroit visé Confringo
3%
Sortilège qui crée une copie de l'objet visé Gemino
3%
Sortilège qui fait jaillir des cordes de la baguette magique qui le produit, et peut servir à ligoter puissamment une personne, un animal, etc. Incarcerem
3%
Exceptions aux Lois de Gamp Information
3%
Animalerie de créatures magiques Ménagerie magique
3%
Sortilège qui anime les statues et armures Piertotum locomotor
3%
Potion qui fait repousser les os, de manière très douloureuse Poussoss
3%
Potion qui permet aux loups-garous de conserver un contrôle sur eux-mêmes si elle est prise durant la semaine précédant une pleine lune Aconit
2%
Monstrueuse et gigantesque araignée hérissée de poils Acromantula
2%
Sortilège qui ralentit la chute de quelqu'un Aresto momentum
2%
Créatures permettant la transmission du courier Chouettes et Hiboux
2%
Potion dont la préparation dure un mois et qui permet de prendre l'apparence physique d'une personne pendant une courte période de temps Le polynectar
2%
Familles de sang-pur qui se rapprocheraient trop des Moldus Traîtres a leur sang
2%
Philtre d'amour le plus puissant qui existe Amortensia
1%
Sortilège d'expulsion Expluso
1%
Sortilège du Repoustout permet d'assommer son adversaire Flipendo
1%
Sortilège qui permet d'immobiliser des individus (ou autres) en mouvement Immobillus
1%
Sortilège qui enflamme l'objet visé Lacarnum inflamare
1%
Sortilège qui permet à la baguette de produire une lumière semblable à celle du soleil Lumus solem
1%
Sortilège qui envoi une lumière rouge dans le ciel pour signaler sa position lorsqu'on est en danger Periculum
1%
Sortilège qui révèle le ou les derniers sorts, sortilèges ou maléfices jetés par une baguette Prior Incanto
1%
Sortilège de protection qui protège des maléfices Salveo maleficia
1%
Journal dont la principale journaliste est Rita Skeeter Sorcière Hebdo
1%
Sortilège qui repousse des araignées Arania eximei
0%
Sortilège qui permet d'effectuer un bond énorme Ascenscio
0%
Sortilège qui permet de maintenir une personne dans les airs Expedimenta
0%
Sortilège qui sert à faire apparaître ou disparaître un objet dans l'Armoire à disparaître Harmonia Nectere Passus
0%
Aucun quiz correspondant
Distribution des résultats
% des personnes avec chaque résultat
Percentile par nombre de réponses
Votre historique - résultats
Vous n’avez pas pris ce quiz depuis la dernière actualisation